The 8 different sciences - Statistics

General Stats
  • This quiz has been taken 34 times
  • The average score is 4 of 8
Answer Stats
Answer % Correct
Chemistry
92%
Biology
88%
Physics
88%
Astronomy
38%
Geology
23%
Mathematics
23%
Psychology
19%
Ecology
4%
No matching quizzes found
Score Distribution
Percent of People with Each Score
Percentile by Number Answered
Your Score History
You have not taken this quiz